000 01441cam a22003857a 4500
001 000070409
003 CHAP
005 20220329141415.0
008 971013s1986 r 00010 d
010 _a67680
011 _a68652
035 _a78125
040 _cCHAP
082 _a370.78
_bG3
100 1 _aGallart, María Antonieta.
_944379
245 0 _aEducación y trabajo :
_b: un estado del arte de la investigación en América Latina.
260 _aBuenos Aires :
_bCentro Internacional de Investigaciones para el Desarrollo,
_c1986.
300 _a185 p.
490 0 _aInforme
590 _aBATCH-UPD
_b10
_c20130110
_lUCH01
_h0409
590 _aBATCH-UPD
_b10
_c20130110
_lUCH01
_h2238
590 _aBATCH-UPD
_b10
_c20130410
_lUCH01
_h0043
590 _aBATCH-UPD
_b10
_c20130914
_lUCH01
_h1237
590 _aBATCH-UPD
_b10
_c20161025
_lUCH01
_h1452
590 _aCONVERSION
_b10
_c20130109
_lUCH01
_h1337
590 _aE11695DGD
_b10
_c20161025
_lUCH01
_h1451
650 1 4 _aEducación.
_935409
650 1 4 _aEducación
_xCaribe.
_935422
650 1 4 _aEducación
_xInvestigación.
_935457
830 0 _aInforme
_958114
901 _aBK
942 _cLIBRO
942 _n0
949 _a370.78 G3
_bBC
_cLIBRO
_d33724000378329
_eLIBRO
_h70218
_i78125
_m18/01/10 Este libro fue encontrado en la estanterŁa gravemente atacado por hongos, se encuentra en proceso de descarte fisicamente hubicado en la oficina de seleccion y adquisiciones
_si
999 _c67680
_d67680